00319    a2200121   450000100060000004000220000610000400002824000440006824500390011230000060015136200090015765000310016663522  cAnchieta - Pituba  aCASTRO, Luciana de Oliveira Sampaio10aWritten Test - Form B, III Unidadelpor10aWritten Test - Form B, III Unidade  a40 a2017 4aInglês e inglês antigo